La profundidad del sistema financiero argentino (Registro nro. 28920)

Detalles MARC
000 -LEADER
fixed length control field 00419 a2200109 4500
001 - CONTROL NUMBER
control field ART_40852
005 - DATE AND TIME OF LATEST TRANSACTION
control field 20260410161935.0
008 - FIXED-LENGTH DATA ELEMENTS--GENERAL INFORMATION
fixed length control field 260409a
100 1# - MAIN ENTRY--PERSONAL NAME
Personal name Pogliani, Gabriel
245 10 - TITLE STATEMENT
Title La profundidad del sistema financiero argentino
773 0# - HOST ITEM ENTRY
Title Boletin del Consejo Profesional de Ciencias Económicas de la Provincia de Santa Fe (camara segunda)
Related parts - Año XXVII, Nº 329 (dic. 2016)
Record control number REV25058

No hay ítems disponibles.